PDC Order of Merit 2026 - Statistics

General Stats
  • This quiz has been taken 115 times
    35 since last reset
  • The average score is 45 of 100
Answer Stats
Rank Nationality Answer % Correct
26 Belgium Dimitri Van den Bergh
100%
11 Wales Gerwyn Price
100%
3 Netherlands Gian van Veen
100%
5 Wales Jonny Clayton
100%
9 Northern Ireland Josh Rock
100%
2 England Luke Humphries
100%
1 England Luke Littler
100%
4 Netherlands Michael van Gerwen
100%
7 England Stephen Bunting
100%
46 Germany Gabriel Clemens
93%
27 Poland Krzysztof Ratajski
93%
32 England Michael Smith
93%
16 England Ross Smith
93%
13 England Chris Dobey
86%
17 Australia Damon Heta
86%
10 Netherlands Danny Noppert
86%
23 Northern Ireland Daryl Gurney
86%
6 Scotland Gary Anderson
86%
15 Germany Martin Schindler
86%
18 Netherlands Jermaine Wattimena
79%
45 Latvia Madars Razma
79%
19 Belgium Mike De Decker
79%
31 Scotland Peter Wright
79%
20 England Rob Cross
79%
25 Netherlands Wessel Nijman
79%
11 England Ryan Searle
71%
43 Northern Ireland Brendan Dolan
64%
29 Netherlands Dirk van Duijvenbode
64%
60 Belgium Kim Huybrechts
64%
55 Austria Mensur Suljovic
64%
36 Netherlands Raymond van Barneveld
64%
24 England Ryan Joyce
64%
41 Republic of Ireland William O'Connor
64%
30 Scotland Cameron Menzies
57%
8 England James Wade
57%
35 England Joe Cullen
57%
65 Czechia Karel Sedlacek
57%
57 Republic of Ireland Kean Barry
57%
14 England Nathan Aspinall
57%
34 Germany Ricardo Pietreczko
57%
69 Poland Sebastian Bialecki
57%
33 England Andrew Gilding
50%
22 England Dave Chisnall
50%
50 Sweden Jeffery de Graaf
50%
51 England Justin Hood
50%
42 Netherlands Niels Zonneveld
50%
95 Austria Rusty-Jake Rodriguez
50%
61 France Thibault Tricole
50%
39 England Callan Rydz
43%
21 England Luke Woodhouse
43%
63 Belgium Mario Vandenbogaerde
43%
58 Netherlands Richard Veenstra
43%
28 England Ritchie Edhouse
43%
73 Denmark Cor Dekker
36%
49 England James Hurrell
36%
38 Netherlands Kevin Doets
36%
47 Northern Ireland Mickey Mansell
36%
54 Germany Niko Springer
36%
40 England Ricky Evans
36%
44 England Scott Williams
36%
68 Netherlands Wesley Plaisier
36%
93 Czechia Adam Gawlas
29%
52 England Ian White
29%
98 Netherlands Jimmy van Schie
29%
37 England Martin Lukeman
29%
59 Wales Nick Kenny
29%
78 Sweden Oskar Lukasiak
29%
56 England Ryan Meikle
29%
53 Scotland Alan Soutar
21%
66 England Bradley Brooks
21%
82 Canada Jim Long
21%
96 Germany Kai Gotthardt
21%
62 Germany Lukas Wenig
21%
70 Germany Max Hopp
21%
99 Croatia Pero Ljubic
21%
92 Republic of Ireland Shane McGuirk
21%
74 Scotland Andy Boulton
14%
48 England Connor Scutt
14%
81 Germany Leon Weber
14%
64 Wales Rob Owen
14%
71 England Adam Lipscombe
7%
77 England Darryl Pilgrim
7%
91 Poland Tytus Kanik
7%
85 Sweden Viktor Tingstrom
7%
89 England Adam Paxton
0%
88 England Adam Warner
0%
67 England Cam Cabtree
0%
99 England Carl Sneyd
0%
79 Netherlands Christian Kist
0%
82 Netherlands Dennie Olde Kalter
0%
72 Germany Dominik Gruellich
0%
87 Scotland Greg Ritchie
0%
97 England Jack Tweddell
0%
74 Netherlands Maik Kuivenhoven
0%
85 Netherlands Marvin van Velzen
0%
90 Germany Maximilian Czerwinski
0%
94 Belgium Stefaan Henderyck
0%
76 England Tavis Dudeney
0%
82 England Thomas Lovely
0%
80 England Tom Bissell
0%
No matching quizzes found
Score Distribution
Percent of People with Each Score
Percentile by Number Answered
Your Score History
You have not taken this quiz since the last reset